| 000 | 00467nam a22001817a 4500 | ||
|---|---|---|---|
| 003 | CEME | ||
| 005 | 20210628205422.0 | ||
| 008 | 210316b xxu||||| |||| 00| 0 eng d | ||
| 020 | _a0-471-95298-2 | ||
| 040 | _c. | ||
| 082 | _a621.38275 EIN'P | ||
| 100 |
_aEinarsson, Goran _975469 |
||
| 245 | _aPrinciples of lightwave communications | ||
| 260 |
_aNEWYORK _bJOHN WILEY _c1996 |
||
| 300 | _aX, 354P | ||
| 650 |
_aOPTICAL COMMUNICATIONS _955546 |
||
| 942 |
_cBK _2ddc |
||
| 999 |
_c580872 _d580872 |
||